Économie internationale
Uloženo v:
| Hlavní autor: | |
|---|---|
| Médium: | Kniha |
| Jazyk: | Undetermined |
| Vydáno: |
Paris
Mouton
1975
|
| Témata: | |
| Tagy: |
Přidat tag
Žádné tagy, Buďte první, kdo otaguje tento záznam!
|
| Thư viện lưu trữ: | Trung tâm Học liệu Trường Đại học Cần Thơ |
|---|
| LEADER | 00499nam a2200181Ia 4500 | ||
|---|---|---|---|
| 001 | CTU_81276 | ||
| 008 | 210402s9999 xx 000 0 und d | ||
| 082 | |a 382.1 | ||
| 082 | |b W422/T.1 | ||
| 100 | |a Weiller, Jean | ||
| 245 | 0 | |a Économie internationale | |
| 245 | 0 | |c Jean Weiller | |
| 260 | |a Paris | ||
| 260 | |b Mouton | ||
| 260 | |c 1975 | ||
| 650 | |a International economic relations,International finance | ||
| 904 | |i Trọng Hải | ||
| 980 | |a Trung tâm Học liệu Trường Đại học Cần Thơ | ||